00377nam a2200157Ia 4500003000500000008004100005020001800046040001900064082000700083100001800090245005000108260003100158300001000189365000800199546001200207STCL230726s9999 xx 000 0 und d a9780141346830 aSTCLcSTCLbEN 222 aRiordan, Rick 0aPercy Jackson and the battle of the labyrinth bPuffin BooksaLondonc2018 a341 p b399 aEnglish